[Event "kings & Sheffield"]
[Site "SchemingMind.com"]
[Date "2010.08.01"]
[Round "-"]
[White "tom claxton"]
[Black "Will Grummitt"]
[Result "0-1"]
[WhiteCountry "ENG"]
[BlackCountry "ENG"]
[WhiteElo "1380"]
[WhiteRD "94"]
[BlackElo "1717"]
[BlackRD "62"]
[GameID "256145"]

1. e4 e6 2. d4 d5 3. e5 c5 4. Bb5+ Bd7 5. Bxd7+ Qxd7 6. Nf3 f6 7. exf6 Nxf6 8. dxc5 Bxc5 9. Ne5 Qc7 10. Bf4 Bd6
11. Qe2 O-O 12. Nc3 Re8 13. Nb5 Qe7 14. Nxd6 Qxd6 15. O-O Nc6 16. g3 Nxe5 17. Bxe5 Qf8 18. Rae1 Nd7 19. Bc3 Nc5 20. b4 Ne4
21. Bd4 Qxb4 22. Qe3 b6 23. Rb1 Qa5 24. f3 Nd2 25. Bc3 Nxf1 26. Rxf1 Qc5 27. Qxc5 bxc5 28. f4 d4 29. Bb2 e5 30. f5 Rf8
31. g4 e4 32. h4 e3 33. c3 d3 34. Bc1 d2 35. Bxd2 exd2 36. h5 Rad8 37. Rd1 Rfe8 38. g5 Re1+ 39. Rxe1 dxe1=Q+ 40. Kg2 Rd3
41. Kh2 Qe2+ 42. Kg1 Rd1#
0-1

[Event "kings & Sheffield"]
[Site "SchemingMind.com"]
[Date "2010.08.05"]
[Round "-"]
[White "Sam Williams"]
[Black "Will Grummitt"]
[Result "0-1"]
[WhiteCountry "ENG"]
[BlackCountry "ENG"]
[WhiteElo "1118"]
[WhiteRD "108"]
[BlackElo "1694"]
[BlackRD "58"]
[GameID "256146"]

1. Nf3 d5 2. g3 Nc6 3. Bg2 e5 4. O-O e4 5. d3 exf3 6. exf3 Nf6 7. Qe1+ Be7 8. Bg5 O-O 9. Bh4 Re8 10. c4 dxc4
11. dxc4 Bf5 12. g4 Bg6 13. g5 Nd7 14. f4 Bc5 15. Qc3 Bd4 16. Qd2 Bb6 17. Rd1 Nc5 18. Nc3 Qxd2 19. Rxd2 Rad8 20. Rad1 Rxd2
21. Rxd2 Re1+ 22. Bf1 Bd3 23. Ne2 Ba5 24. Ng3 Bxd2 25. Ne2 Bxe2 26. Kg2= Bxf1+ 27. Kf3 Nd4+ 28. Kg3 Ne4+ 29. Kg4 Be2+ 30. Kh3 Rg1
31. Bg3 Nxf2+ 32. Bxf2 Bg4+ 33. Kh4 Nf5#
0-1

[Event "kings & Sheffield"]
[Site "SchemingMind.com"]
[Date "2010.09.11"]
[Round "-"]
[White "pclaxton"]
[Black "Phillip Beckett"]
[Result "0-1"]
[WhiteCountry "ENG"]
[BlackCountry "ENG"]
[WhiteElo "1381"]
[WhiteRD "144"]
[BlackElo "1698"]
[BlackRD "55"]
[GameID "259960"]

1. e4 c5 2. d3 d6 3. Bf4 g6 4. g3 Nc6 5. Nf3 Nf6 6. d4 cxd4 7. Nxd4 Bg7 8. Nxc6 bxc6 9. Qd4 O-O 10. Na3 c5
11. Qd3 Qb6 12. Rb1 Be6 13. b3 a5 14. e5 dxe5 15. Bxe5 Rad8 16. Qe3 Qb4+ 17. Ke2 Ng4 18. Qg5 Nxe5 19. Re1 Bg4+ 20. Ke3 Qd4#
0-1

[Event "kings & Sheffield"]
[Site "SchemingMind.com"]
[Date "2010.09.11"]
[Round "-"]
[White "pclaxton"]
[Black "petros"]
[Result "0-1"]
[WhiteCountry "ENG"]
[BlackCountry "GBR"]
[WhiteElo "1300"]
[WhiteRD "64"]
[BlackElo "2266"]
[BlackRD "77"]
[GameID "259961"]

1. e4 e6 2. Nc3 c5 3. d3 Nc6 4. Be3 Nf6 5. d4 cxd4 6. Bxd4 Be7 7. Bc4 O-O 8. e5 Ne8 9. Nf3 d5 10. exd6 Nxd6
11. Bb5 Nxd4 12. Qxd4 Qa5 13. Qc5 a6 14. b4 Qa3 15. Qc7 Nxb5 16. Nxb5 axb5 17. c3 Bf6 18. O-O Ra6 19. Rfd1 Rc6 20. Qf4 Bxc3
21. Rd3 e5 22. Qe3 Qxb4 23. Rc1 Bd2 24. Rxd2 Rxc1+ 25. Ne1 Be6 26. g3 Qb1 27. Re2 Bc4 28. Kf1 Rxe1+ 29. Kg2 Rxe2 30. Qa7 Qe4+
31. Kh3 Be6+ 32. g4 Qxg4#
0-1

[Event "kings & Sheffield"]
[Site "SchemingMind.com"]
[Date "2010.09.11"]
[Round "-"]
[White "pclaxton"]
[Black "Will Grummitt"]
[Result "0-1"]
[WhiteCountry "ENG"]
[BlackCountry "ENG"]
[WhiteElo "1381"]
[WhiteRD "144"]
[BlackElo "1717"]
[BlackRD "62"]
[GameID "259962"]

1. e4 e6 2. d3 d5 3. Nc3 d4 4. Nb5 e5 5. c3 c5 6. Nf3 Nc6 7. Qa4 Bd7 8. cxd4 exd4 9. Nd6+ Bxd6 10. Qb5 Qa5+
11. Qxa5 Nxa5 12. a3 Ne7 13. g3 O-O 14. Bd2 Nb3 15. Rb1 Nxd2 16. Nxd2 Rac8 17. Nc4 Bb8 18. e5 b5 19. Na5 Bxe5 20. Nb7 Rc7
21. Na5 Nc6 22. Nxc6 Bxc6 23. Rg1 Re8 24. Kd1 Rce7 25. f4 Bf6 26. Bh3 Bf3+ 27. Kc2 Re2+ 28. Kb3 Bd5#
0-1

[Event "kings & Sheffield"]
[Site "SchemingMind.com"]
[Date "2010.09.12"]
[Round "-"]
[White "pclaxton"]
[Black "yoponz"]
[Result "1-0"]
[WhiteCountry "ENG"]
[BlackCountry "ENG"]
[WhiteElo "1287"]
[WhiteRD "88"]
[BlackElo "1450"]
[BlackRD "73"]
[GameID "259963"]

1. e3 d5 2. Qf3 Nf6 3. Nc3 e5 4. d4 e4 5. Qf4 Bd6 6. Qg5 O-O 7. f3 exf3 8. Nxf3 Nc6 9. Bd3 h6 10. Qh4 Qe8
11. O-O Bg4 12. h3 Bxf3 13. Rxf3 g5 14. Qxh6 g4 15. Rxf6 Be7 16. Qh7#
1-0

[Event "kings & Sheffield"]
[Site "SchemingMind.com"]
[Date "2010.09.11"]
[Round "-"]
[White "pclaxton"]
[Black "tom claxton"]
[Result "0-1"]
[WhiteCountry "ENG"]
[BlackCountry "ENG"]
[WhiteElo "1300"]
[WhiteRD "64"]
[BlackElo "1438"]
[BlackRD "59"]
[GameID "259964"]

1. Nf3 d5 2. Nc3 d4 3. Nb5 c5 4. e3 dxe3 5. fxe3 Bd7 6. Nc3 e6 7. Ne5 Nc6 8. Nc4 Nf6 9. d4 cxd4 10. exd4 Bb4
11. Bd2 Nxd4 12. a3 Bc5 13. Be3 Bb5 14. Nxb5 Nd5 15. Nxd4 Nxe3 16. Nxe3 Bxd4 17. Nc4 b5 18. c3 bxc4 19. cxd4 Qc7 20. d5 Qe5+
21. Be2 Qxb2 22. Bxc4 Qxg2 23. Rf1 O-O 24. Qh5 Qe4+ 25. Be2 exd5 26. Rc1 g6 27. Qf3 Qe5 28. h4 Qb2 29. Rd1 Rae8 30. Rd2 Qe5
31. Qxd5 Qa1+ 32. Kf2 Qxa3 33. Bb5 Qe3+ 34. Kg2 Re5 35. Qc4 Qxd2+ 36. Kg1 Qe3+ 37. Rf2 Qg3+ 38. Kf1 Qh3+ 39. Rg2 Rf5+ 40. Kg1 Qe3+
41. Kh2 Rf4 42. Rg4 Qf2+ 43. Kh1 Rxc4 44. Rxc4 Rd8 45. Rc1 Qb2 46. Re1 Qxb5 47. Kg2 Rd2+ 48. Kg1 Qc5+ 49. Kh1 Qf2 50. Re8+ Kg7
51. Rg8+ Kxg8 52. h5 Qg2#
0-1

[Event "kings & Sheffield"]
[Site "SchemingMind.com"]
[Date "2010.09.11"]
[Round "-"]
[White "pclaxton"]
[Black "Sam Williams"]
[Result "1-0"]
[WhiteCountry "ENG"]
[BlackCountry "ENG"]
[WhiteElo "1287"]
[WhiteRD "88"]
[BlackElo "1118"]
[BlackRD "108"]
[GameID "259965"]

1. d4 d5 2. c3 e6 3. Qa4+ c6 4. Nf3 b5 5. Qc2 Na6 6. Bg5 f6 7. Bf4 e5 8. dxe5 fxe5 9. Bxe5 Bg4 10. h3 Be6
11. Nd4 c5 12. Nxe6 Qe7 13. Bxg7 Bxg7 14. Nxg7+ Qxg7 15. e3 b4 16. Bxa6 Ne7 17. Qa4+ Kf7 18. cxb4 Rhg8 19. g3 Nf5 20. Qd7+ Ne7
21. Nc3 cxb4 22. Nxd5 Rad8 23. Qxe7+ Kg6 24. Bd3+ Kh6 25. Qh4#
1-0

[Event "kings & Sheffield"]
[Site "SchemingMind.com"]
[Date "2010.09.16"]
[Round "-"]
[White "Phillip Beckett"]
[Black "pclaxton"]
[Result "1-0"]
[WhiteCountry "ENG"]
[BlackCountry "ENG"]
[WhiteElo "1693"]
[WhiteRD "55"]
[BlackElo "1287"]
[BlackRD "88"]
[GameID "259966"]

1. e4 d5 2. exd5 Qxd5 3. Nf3 e6 4. Nc3 Qc5 5. d4 Qd6 6. Be2 Nc6 7. O-O e5 8. dxe5 Qxd1 9. Rxd1 f6 10. exf6 Nxf6
11. Bg5 h6 12. Be3 Bf5 13. Nd4 Bg6 14. Nxc6 bxc6 15. Bf3 Rd8 16. Bxc6+ Nd7 17. Rxd7 Rxd7 18. Rd1 Bf5 19. Nd5 Bxc2 20. Nxc7+ Kf7
21. Rxd7+ Kg6 22. Rd8 a5 23. Bc5 Bxc5 24. Rxh8 a4 25. Rc8 Kh7 26. Na6 Bd4 27. Bf3 Bf5 28. Nc5 Bxc8 29. Nd3 Bf5 30. Nb4 Bxb2
31. g3 g5 32. Bd5 a3 33. Kf1 Kg6 34. Ke2 Bc3 35. Nd3 Kf6 36. f4 g4 37. Ke3 h5 38. Nc5 Ke7 39. Be4 Bxe4 40. Nxe4 Bb4
41. Kd3 Ke6 42. Kc4 Be7 43. Nc5+ Bxc5 44. Kxc5 Kf5 45. Kb4 Ke4 46. Kxa3 Kf3 47. f5 Kg2 48. f6 Kxh2 49. f7 Kxg3 50. f8=Q h4
51. Qd6+ Kf3 52. Qf6+ Kg3 53. Qe5+ Kf3 54. Qf5+ Kg3 55. Kb4 h3 56. Qh5 h2 57. Qe5+ Kh3 58. Qh5+ Kg3 59. a4 Kg2 60. Qxg4+ Kf2
61. Qh3 Kg1 62. a5 h1=Q 63. Qxh1+ Kxh1 64. a6 Kg2 65. a7 Kf2 66. a8=Q Ke3 67. Qd5 Kf4= 68. Qe6
1-0

[Event "kings & Sheffield"]
[Site "SchemingMind.com"]
[Date "2010.09.16"]
[Round "-"]
[White "petros"]
[Black "pclaxton"]
[Result "1-0"]
[WhiteCountry "GBR"]
[BlackCountry "ENG"]
[WhiteElo "2281"]
[WhiteRD "70"]
[BlackElo "1381"]
[BlackRD "144"]
[GameID "259967"]

1. e4 e5 2. Nf3 f6 3. Nxe5 fxe5 4. Qh5+ g6 5. Qxe5+ Ne7 6. Qxh8 h5 7. d4 d5 8. Bh6 Nd7 9. e5 Kf7 10. Qh7+ Ke6
11. g3 c6 12. Bh3+ Nf5 13. Qxg6+ Ke7 14. Bg5+ Nf6 15. Bxf6+ Kd7 16. Bxf5+ Kc7 17. Bxd8+ Kxd8 18. e6 Ke7 19. Qf7+ Kd6 20. Qxf8+ Kc7
21. Qe7+ Kb8 22. Qd6#
1-0

[Event "kings & Sheffield"]
[Site "SchemingMind.com"]
[Date "2010.09.11"]
[Round "-"]
[White "Will Grummitt"]
[Black "pclaxton"]
[Result "1-0"]
[WhiteCountry "ENG"]
[BlackCountry "ENG"]
[WhiteElo "1717"]
[WhiteRD "62"]
[BlackElo "1381"]
[BlackRD "144"]
[GameID "259968"]

1. d4 e6 2. e4 Qh4 3. Nc3 Bb4 4. Bd3 Nc6 5. Nf3 Qg4 6. O-O d5 7. h3 Qh5 8. e5 f6 9. Bd2 fxe5 10. Nxe5 Nxe5
11. Qxh5+ Nf7 12. Rae1 Nf6 13. Qe2 O-O 14. a3 Bxc3 15. Bxc3 Ng5 16. f4 Nge4 17. Bxe4 Nxe4 18. Bb4 c5 19. dxc5 Ng3 20. Qf3 Nxf1
21. Rxf1 e5 22. Qg3 a5 23. Bc3 d4 24. Bd2 e4 25. Re1 e3 26. Bxe3 dxe3 27. Rxe3 Ra6 28. Qe1 Bxh3 29. gxh3 Rxf4 30. Re8+ Rf8
31. Rxf8+ Kxf8 32. b4 axb4 33. Qxb4 g5 34. Qxb7 Rh6 35. Kg2 Kg8 36. c6 Rd6 37. c7 Rd2+ 38. Kg3 Rxc2 39. c8=Q+ Rxc8 40. Qxc8+ Kg7
41. Qe6 h6 42. h4 gxh4+ 43. Kxh4 Kh7 44. Kh5 Kg7 45. Qxh6+ Kf7 46. a4 Ke7 47. a5 Kd8 48. Qh7 Kc8 49. Kg6 Kb8 50. Kf6 Ka8
51. Ke6 Kb8 52. a6 Ka8 53. Qb7#
1-0

[Event "kings & Sheffield"]
[Site "SchemingMind.com"]
[Date "2010.09.16"]
[Round "-"]
[White "yoponz"]
[Black "pclaxton"]
[Result "1/2-1/2"]
[WhiteCountry "ENG"]
[BlackCountry "ENG"]
[WhiteElo "1469"]
[WhiteRD "71"]
[BlackElo "1375"]
[BlackRD "60"]
[GameID "259969"]

1. e4 e5 2. Nf3 d6 3. d4 f6 4. Nc3 c5 5. d5 Bg4 6. Bb5+ Ke7 7. Qd2 a6 8. Bc4 b5 9. Be2 b4 10. Na4 Qa5
11. b3 g6 12. O-O f5 13. exf5 gxf5 14. Bd3 e4 15. Qg5+ Ke8 16. Bxe4 fxe4 17. Qxg4 exf3 18. Re1+ Ne7 19. Qxf3 Qc7 20. Qe2 Qd7
21. Nb6 Qb7 22. Nxa8 Qxa8 23. Rd1 Bg7 24. Re1 Bf6 25. Bb2 Qxd5 26. Bxf6 Qf7 27. Bxh8 Nc6 28. Rad1 Kd7 29. f3 Ng6 30. Qe4 Nxh8
31. g4 Ng6 32. Rf1 Nge5 33. f4 Nxg4 34. f5 Qh5 35. f6 Nxf6 36. Rxf6 Qg5+ 37. Qg2 Qxf6 38. Qd2 Qg6+ 39. Kf1 Qf5+ 40. Kg1 Qg4+
41. Kh1 Qg6 42. c3 Qe4+ 43. Qg2 Qe3 44. c4 Nd4 45. Qg7+ Kc6 46. Qxh7 Qf3+ 47. Kg1 Qxd1+ 48. Kg2 Qd2+ 49. Kg3 Qxa2 50. Qe4+ Kd7
51. h4 Qxb3+ 52. Kg4 Qxc4 53. h5 Qg8+ 54. Kh4 Qd8+ 55. Kg4 Ne6 56. Qf5 Qg8+ 57. Kh4 Ke7 58. h6 Nd4 59. Qe4+ Kd7 60. h7 Nf3+
61. Kh3 Ng5+ 62. Kh4 Nxh7 63. Qb7+ Ke6 64. Qxa6 Nf6 65. Qc4+ d5 66. Qe2+ Kd6 67. Qh2+ Kc6 68. Qg2 Qxg2
1/2-1/2

[Event "kings & Sheffield"]
[Site "SchemingMind.com"]
[Date "2010.09.16"]
[Round "-"]
[White "tom claxton"]
[Black "pclaxton"]
[Result "1-0"]
[WhiteCountry "ENG"]
[BlackCountry "ENG"]
[WhiteElo "1386"]
[WhiteRD "68"]
[BlackElo "1287"]
[BlackRD "88"]
[GameID "259970"]

1. g3 e6 2. e4 Nf6 3. d3 Nc6 4. Nf3 d5 5. e5 Ng4 6. Nh4 Ncxe5 7. Bf4 g5 8. Bxe5 Nxe5 9. Nc3 gxh4 10. f4 Ng6
11. d4 hxg3 12. hxg3 c5 13. dxc5 Bxc5 14. Bb5+ Bd7 15. Qd2 a6 16. Bxd7+ Qxd7 17. O-O-O O-O 18. Qh2 Be3+ 19. Kb1 d4 20. Qxh7#
1-0

[Event "kings & Sheffield"]
[Site "SchemingMind.com"]
[Date "2010.09.16"]
[Round "-"]
[White "Sam Williams"]
[Black "pclaxton"]
[Result "0-1"]
[WhiteCountry "ENG"]
[BlackCountry "ENG"]
[WhiteElo "1152"]
[WhiteRD "107"]
[BlackElo "1300"]
[BlackRD "64"]
[GameID "259971"]

1. Nf3 Nc6 2. g3 d6 3. Bg2 e6 4. O-O b6 5. d4 e5 6. Bg5 f6 7. Bd2 Bb7 8. Bc3 Ba6 9. Nh4 exd4 10. Bd2 g5
11. Nf5 Qd7 12. Bxc6 Qxc6 13. Nxd4 Qd5 14. e4 Qxd4 15. c3 Qe5 16. f4 Qc5+ 17. Kg2 Bxf1+ 18. Kxf1 Qc4+ 19. Ke1 gxf4 20. gxf4 O-O-O
21. f5 Re8 22. b3 Rxe4+ 23. Kf2 Qc5+ 24. Kf3 Qxf5+ 25. Kg2 Rg4+ 26. Kh1 Qe4+ 27. Qf3 Qxf3#
0-1